01564nam a2200217 a 4500001001000000003000500010005001700015008004100032010001100073011001100084040000900095245012900104246007200233260004200305300003300347500004300380500077300423650006001196650003301256710005701289000116300CHAP20220329144609.0191022s2008 mx |s| ||||||spa d a112761 a113733 cCHAP00aPresentación de la ley general de derechos lingüísticos de los pueblos indígenas :h[Disco compacto]bsegunda serie.00aLey general de derechos lingüísticos de los pueblos indígenas aMéxico, D.F. :bINALIbSEP.,c2008. a31 v. 1 CD ROM ;c4 3/4 plg. aEsta serie comprende del v. 25 al v.55 aLa biblioteca tiene v. 25 variante lingüística : mexicano tlajtol : náhuatl de la Sierra, noreste de Puebla. -- v. 26 variante lingüística : mela'tajtol / náhuatl : náhuatl del Ismo. -- v. 27 variante lingüística : mexcatl / náhuatl : náhuatl de la Huasteca veracruzana. -- v. 30 variante lingüística : mexicano : mexicano de la Huasteca Hidalguense. -- v. 31 variante lingüística : ñuju : otomí de la Sierra. -- v. 33 variante lingüística : hñähñú : otomí del valle del Mezquital. -- v. 34 variante lingüística jñatrjo : mazahua de oriente. -- v. 50 variante lingüística : maaya táan : maya. -- v. 52 variante lingüística : totonaco central del sur. -- v. 55 variante lingüística : ayuk : mixe bajo.14aIndios de MéxicoxCondición jurídica, leyes, etc.14aIndios de MéxicoxLenguas.2 aInstituto Nacional de Lenguas Indígenas. México.